Normal view
MARC view
- John M. Carrol
Entry Personal Name
001 - CONTROL NUMBER
- control field: 103519
003 - CONTROL NUMBER IDENTIFIER
- control field: NUST
005 - DATE AND TIME OF LATEST TRANSACTION
- control field: 20221124134627.0
008 - FIXED-LENGTH DATA ELEMENTS
- fixed length control field: 221124|| aca||aabn | a|a d
040 ## - CATALOGING SOURCE
- Original cataloging agency: NUST
- Transcribing agency: NUST
100 ## - HEADING--PERSONAL NAME
- Personal name: John M. Carrol
670 ## - SOURCE DATA FOUND
- Source citation: Work cat.: (NUST)181923: John M. Carrol, Microelectronic circuits and applications /, 1965
